Movies Quiz

Random Movies or Clickable Quiz

50 Flicks to Click (1987) Quiz Stats

 Plays Quiz Updated May 14, 2018

Score 0/50 Timer 07:00
7 Plays Today
% Correct
Automobiles
92.4%
Lethal
92.4%
Baby
92.2%
Fatal
92.1%
Jacket
91.9%
Vietnam
91.6%
Love
90.7%
Eastwick
90.7%
La
90%
Street
89.9%
No
89.6%
batteries
89.5%
Princess
88.9%
Universe
87.7%
Raising
87.5%
Secret
87.2%
Harry
86.6%
Blind
85.1%
Ernest
84.8%
Momma
84.1%
Someone
82.2%
Wonderful
81.7%
Girl
81.3%
Babysitting
79.9%
Dancing
79.7%
% Correct
Broadcast
79.5%
Artist
79%
Hill
77.4%
Lost
76%
Zero
75%
Dead
75%
Emperor
74%
Glory
71.7%
Running
70.4%
Empire
70.1%
Right
69.8%
Flowers
69.3%
Toaster
69%
Boom
68.1%
Born
66.2%
Fortune
66%
Angel
58.7%
Charing
57%
House
55.4%
Days
55.1%
Daylights
55.1%
Freedom
51.2%
Feast
45.1%
Withnail
41.4%
Wings
40.4%

You're not logged in!

Compare scores with friends on all Sporcle quizzes.
OR
Log In

You Might Also Like...

Show Comments

Extras

Top Quizzes Today


Score Distribution

Your Account Isn't Verified!

In order to create a playlist on Sporcle, you need to verify the email address you used during registration. Go to your Sporcle Settings to finish the process.

Report this User

Report this user for behavior that violates our Community Guidelines.

Details: